000 00780nam a22001817a 4500
003 BD-ChCU
005 20260125135454.0
008 260125b bg ||||| |||| 00| 0 ben d
040 _cBD-ChCU
082 _222
_a৮১৩.০১ প্রতি ৫
245 _aপ্রতিবেশী সূর্যের রক্তাক্ত দিনগুলি /
_cঅসিত সরকার সম্পাদিত
250 _a২ সং
260 _aকলিকাতা :
_bরমা ভট্টাচার্য,
_c১৯৭৭
300 _a২৩২পৃ. :
_c২২ সেমি
650 0 _aবাংলা ছোট গল্প ছোটগল্প
_919627
700 _aসরকার, অসিত
_eসম্পাদক
_919629
942 _2ddc
_cBK
_n0
999 _c111246
_d111246